[Event "29th 4NCL Congress"]
[Site "Harrogate"]
[Date "2023.01.22"]
[Round "4"]
[Board "10"]
[White "Oliver, Bruce R"]
[Black "Buckell, David J"]
[Result "0-1"]
[WhiteElo "1643"]
[BlackElo "1594"]
[PlyCount "94"]
[EventDate "2023.01.20"]
[EventRounds "5"]
[EventCountry "ENG"]

1. Nf3 g6 2. g3 Bg7 3. Bg2 d6 4. O-O Nf6 5. d3 O-O 6. Nbd2 Nbd7 7. e4 e5 8. Re1 Re8
9. c3 Nc5 10. Nb3 Ne6 11. Ng5 a5 12. Be3 Bd7 13. d4 a4 14. Nxe6 Bxe6 15. d5 Bd7 16.
Nc1 Qc8 17. Bg5 h6 18. Bxf6 Bxf6 19. Nd3 Kg7 20. b4 b5 21. Rc1 h5 22. a3 h4 23. Nb2
hxg3 24. fxg3 Rh8 25. c4 bxc4 26. Nxc4 Qg8 27. Ne3 Ra7 28. Qe2 Qh7 29. Bh1 Bg5 30.
Qf2 Qh6 31. Rc3 Be7 32. Rf1 Rf8 33. Nf5+ gxf5 34. Qxa7 Rh8 35. Rf2 Bd8 36. exf5 Bxf5
37. Rcf3 Bg6 38. Qxa4 e4 39. Rc3 e3 40. Re2 Bf6 41. Rcc2 Bxc2 42. Qxc2 Be5 43. Qe4
Kf8 44. Qxe3 Qxe3+ 45. Rxe3 Bd4 46. Kf2 Rxh2+ 47. Kg1 Rxh1+  0-1

[Event "29th 4NCL Congress"]
[Site "Harrogate"]
[Date "2023.01.22"]
[Round "4"]
[Board "11"]
[White "Sweeney, Ryan"]
[Black "Mulholland, Glenn"]
[Result "1/2-1/2"]
[WhiteElo "1261"]
[BlackElo "1640"]
[PlyCount "53"]
[EventDate "2023.01.20"]
[EventRounds "5"]
[EventCountry "ENG"]

1. e4 e5 2. Nf3 Nc6 3. Bb5 a6 4. Ba4 Nf6 5. O-O Bc5 6. Re1 O-O 7. c3 Re8 8. d4 exd4
9. cxd4 Bb4 10. Nc3 Bxc3 11. bxc3 Rxe4 12. Rxe4 Nxe4 13. Qd3 Nf6 14. Bg5 h6 15. Bxf6
Qxf6 16. Bc2 Qg6 17. Re1 Qxd3 18. Re8+ Kh7 19. Bxd3+ g6 20. h4 Kg7 21. Ne5 d6 22.
Ng4 b5 23. d5 Ne5 24. Nxe5 dxe5 25. Rxe5 Bb7 26. Be4 Rd8 27. f4  1/2-1/2

[Event "29th 4NCL Congress"]
[Site "Harrogate"]
[Date "2023.01.22"]
[Round "4"]
[Board "12"]
[White "Berry, Mike"]
[Black "Ainsley, Geoff J"]
[Result "0-1"]
[WhiteElo "1611"]
[BlackElo "1562"]
[PlyCount "90"]
[EventDate "2023.01.20"]
[EventRounds "5"]
[EventCountry "ENG"]

1. c4 Nf6 2. Nf3 g6 3. d4 c5 4. Nc3 e6 5. e4 cxd4 6. Nxd4 d6 7. Be2 a6 8. O-O Bg7
9. Re1 O-O 10. Bg5 Qc7 11. Rc1 Nc6 12. b3 Nxd4 13. Qxd4 Nd5 14. Qd2 Nxc3 15. Rxc3
Bxc3 16. Qxc3 f6 17. Bxf6 Qf7 18. Bh4 Bd7 19. Rd1 Bc6 20. f3 Qg7 21. Qxg7+ Kxg7 22.
Rxd6 Kf7 23. a4 h6 24. e5 g5 25. Bf2 Rad8 26. Bb6 Rxd6 27. exd6 Ke8 28. Kf2 g4 29.
Ke3 gxf3 30. Bxf3 Kd7 31. Bxc6+ Kxc6 32. c5 Rg8 33. g3 Rg4 34. a5 Rb4 35. Kd3 Rxb3+
36. Ke4 Rb2 37. Ke5 Kd7 38. h4 Rb4 39. c6+ bxc6 40. Kf6 Rg4 41. Bf2 Kxd6 42. Kf7
e5 43. Ke8 c5 44. Be3 h5 45. Bf2 c4  0-1

[Event "29th 4NCL Congress"]
[Site "Harrogate"]
[Date "2023.01.22"]
[Round "4"]
[Board "13"]
[White "Miller, Jonathan"]
[Black "Hollyman, Mike"]
[Result "0-1"]
[WhiteElo "1677"]
[BlackElo "1444"]
[PlyCount "32"]
[EventDate "2023.01.20"]
[EventRounds "5"]
[EventCountry "ENG"]

1. e4 c6 2. d4 d5 3. exd5 cxd5 4. c4 Nf6 5. Nc3 e6 6. c5 Nfd7 7. Bb5 a6 8. Qa4 Be7
9. Nf3 O-O 10. Bd3 e5 11. Nxd5 exd4 12. Nxe7+ Qxe7+ 13. Kf1 Nxc5 14. Qxd4 Rd8 15.
Bxh7+ Kxh7 16. Ng5+ Qxg5  0-1

[Event "29th 4NCL Congress"]
[Site "Harrogate"]
[Date "2023.01.22"]
[Round "4"]
[Board "14"]
[White "Scorer, David M"]
[Black "Roberts, Malcolm A"]
[Result "0-1"]
[WhiteElo "1422"]
[BlackElo "1656"]
[PlyCount "50"]
[EventDate "2023.01.20"]
[EventRounds "5"]
[EventCountry "ENG"]

1. d4 d5 2. Nf3 Nf6 3. Bf4 c6 4. c3 Nbd7 5. e3 Ne4 6. Bd3 Ndf6 7. Nbd2 Bf5 8. Qc2
e6 9. O-O Be7 10. Ne5 O-O 11. Ndf3 h6 12. h3 c5 13. dxc5 Bxc5 14. Rad1 Rc8 15. Qe2
Qb6 16. Nd4 Bh7 17. Rc1 Rfd8 18. Rfd1 a6 19. c4 Bxd4 20. exd4 Qxd4 21. Bb1 Qb6 22.
cxd5 exd5 23. Be3 Qe6 24. g3 Nxg3 25. Bxh7+ Nxh7  0-1

[Event "29th 4NCL Congress"]
[Site "Harrogate"]
[Date "2023.01.22"]
[Round "4"]
[Board "15"]
[White "Weller, Colin"]
[Black "Galloway, Peter"]
[Result "1-0"]
[WhiteElo "1614"]
[BlackElo "1372"]
[PlyCount "81"]
[EventDate "2023.01.20"]
[EventRounds "5"]
[EventCountry "ENG"]

1. e4 c5 2. d3 d6 3. Nf3 e6 4. Be2 Nf6 5. Nbd2 Be7 6. b3 O-O 7. Bb2 Nbd7 8. O-O a6
9. h3 b5 10. g3 Bb7 11. Re1 Qc7 12. Rc1 Rfd8 13. Bf1 Ne5 14. Qe2 Ng6 15. a3 Rac8
16. c4 b4 17. a4 a5 18. d4 cxd4 19. Nxd4 Qc5 20. N4f3 e5 21. Rcd1 Nh5 22. Qe3 h6
23. Qxc5 Rxc5 24. Bg2 Rdc8 25. Re2 Bd8 26. Nf1 R8c6 27. Ne3 Bb6 28. Kh2 Nf6 29. Nd5
Ne8 30. Nxb6 Rxb6 31. Nd2 f6 32. Nf1 Kf7 33. Ne3 Nf8 34. Nd5 Rbc6 35. Bc1 Nd7 36.
Be3 Nb6 37. Bxc5 dxc5 38. Red2 Kg8 39. Ne3 Rc8 40. Rd7 Rc7 41. Rxc7  1-0

[Event "29th 4NCL Congress"]
[Site "Harrogate"]
[Date "2023.01.22"]
[Round "4"]
[Board "16"]
[White "Oliver, Peter J R"]
[Black "Duffell, Andrew"]
[Result "1/2-1/2"]
[WhiteElo "1602"]
[BlackElo "1556"]
[PlyCount "122"]
[EventDate "2023.01.20"]
[EventRounds "5"]
[EventCountry "ENG"]

1. Nf3 c5 2. c4 Nf6 3. Nc3 e6 4. e3 d5 5. d4 Nc6 6. a3 a6 7. dxc5 Bxc5 8. b4 Ba7
9. Bb2 d4 10. exd4 Nxd4 11. c5 Nc6 12. Qxd8+ Nxd8 13. Bd3 O-O 14. O-O Nc6 15. Ne4
Nxe4 16. Bxe4 f5 17. Bc2 b6 18. Nd4 Nxd4 19. Bxd4 bxc5 20. Bxc5 Bxc5 21. bxc5 Bb7
22. Ba4 Rac8 23. Rac1 Bc6 24. Bb3 Rfe8 25. Rfd1 Kf7 26. Rd6 Bd5 27. Bxd5 exd5 28.
h3 Red8 29. Rxa6 d4 30. c6 d3 31. Kf1 d2 32. Rd1 Rd6 33. a4 Rcxc6 34. Rxc6 Rxc6 35.
Rxd2 Ke7 36. Ke2 Ke6 37. a5 Ra6 38. Ra2 Kd5 39. Kd3 Kc6 40. g4 fxg4 41. hxg4 g5 42.
Ke4 h6 43. f3 Kc5 44. Rc2+ Kb4 45. Ra2 Kb3 46. Rd2 Rxa5 47. Rd6 Ra4+ 48. Kf5 Rf4+
49. Kg6 Rxf3 50. Kxh6 Kc4 51. Rg6 Kd4 52. Rxg5 Ke4 53. Rg6 Kf4 54. g5 Rh3+ 55. Kg7
Kg4 56. Kf7 Rh7+ 57. Kf6 Ra7 58. Rg7 Ra6+ 59. Kf7 Ra7+ 60. Kg8 Rxg7+ 61. Kxg7 Kxg5
 1/2-1/2

[Event "29th 4NCL Congress"]
[Site "Harrogate"]
[Date "2023.01.22"]
[Round "4"]
[Board "17"]
[White "Collins, Steve"]
[Black "Matthews, Graham W"]
[Result "0-1"]
[WhiteElo "1281"]
[BlackElo "1583"]
[PlyCount "68"]
[EventDate "2023.01.20"]
[EventRounds "5"]
[EventCountry "ENG"]

1. d4 d5 2. Bf4 c6 3. e3 Bf5 4. c4 e6 5. Nc3 Nf6 6. Nf3 Nbd7 7. a3 Be7 8. Nh4 Be4
9. f3 Bg6 10. Nxg6 hxg6 11. cxd5 Nxd5 12. Nxd5 exd5 13. Bd3 Bh4+ 14. g3 Bf6 15. Qb3
Qb6 16. Qxb6 Nxb6 17. b3 Nd7 18. Bd6 a6 19. Rc1 Be7 20. Bxe7 Kxe7 21. O-O f5 22.
e4 dxe4 23. fxe4 fxe4 24. Bxe4 g5 25. Rce1 Kd6 26. Rf7 Rae8 27. Rxg7 Nf6 28. Rg6
Re6 29. Kf2 Rxh2+ 30. Kf3 g4+ 31. Kf4 Rf2+ 32. Kg5 Ke7 33. Rg7+ Kf8 34. Rxb7 Nxe4+
 0-1

[Event "29th 4NCL Congress"]
[Site "Harrogate"]
[Date "2023.01.22"]
[Round "4"]
[Board "18"]
[White "Butterworth, Brian"]
[Black "Pringle, Andrew"]
[Result "1-0"]
[WhiteElo "1564"]
[BlackElo "1349"]
[PlyCount "139"]
[EventDate "2023.01.20"]
[EventRounds "5"]
[EventCountry "ENG"]

1. d4 Nf6 2. Bf4 c5 3. e3 d5 4. Nc3 a6 5. Nf3 Bg4 6. Be2 Ne4 7. Nxe4 Bxf3 8. Bxf3
dxe4 9. Bxe4 Qb6 10. Rb1 Nd7 11. c3 Nf6 12. Bf3 Rd8 13. O-O e6 14. Qa4+ Nd7 15. Rfd1
Bd6 16. Bxd6 Qxd6 17. Bxb7 O-O 18. Bf3 Nb8 19. Qa5 Rc8 20. g3 h6 21. Kg2 Rfe8 22.
dxc5 Qxc5 23. Qxc5 Rxc5 24. Rd6 Rb5 25. b3 Rc8 26. c4 Rbc5 27. Rbd1 Kh7 28. Be4+
g6 29. h4 Nc6 30. Bxc6 R5xc6 31. Rxc6 Rxc6 32. Rd7 Kg7 33. Ra7 Kf6 34. c5 e5 35.
b4 Ke6 36. a4 f5 37. Rb7 a5 38. b5 Rxc5 39. Ra7 Rc4 40. Rxa5 Rb4 41. Ra6+ Kd7 42.
b6 Kc6 43. a5 Kb7 44. Ra7+ Kb8 45. Rh7 h5 46. Rg7 Ra4 47. Rxg6 Rxa5 48. Rh6 f4 49.
Rxh5 fxe3 50. fxe3 Kb7 51. Rh6 e4 52. Re6 Ra2+ 53. Kh3 Rf2 54. Rxe4 Kxb6 55. Re8
Kc7 56. Kg4 Kd7 57. Re4 Rf8 58. Rf4 Rg8+ 59. Kf3 Ke6 60. g4 Rh8 61. h5 Rg8 62. e4
Rh8 63. Rf5 Ke7 64. e5 Ke6 65. Kf4 Ra8 66. Rf6+ Ke7 67. Kf5 Ra3 68. Kg6 Ra4 69. g5
Re4 70. e6  1-0

[Event "29th 4NCL Congress"]
[Site "Harrogate"]
[Date "2023.01.22"]
[Round "4"]
[Board "19"]
[White "Gannon, Ben"]
[Black "McKay, Mark"]
[Result "0-1"]
[WhiteElo "1487"]
[BlackElo "1691"]
[PlyCount "102"]
[EventDate "2023.01.20"]
[EventRounds "5"]
[EventCountry "ENG"]

1. d4 Nf6 2. c4 e5 3. d5 Bb4+ 4. Bd2 Qe7 5. Qc2 Bxd2+ 6. Nxd2 d6 7. e4 a5 8. a4 Nbd7
9. Ngf3 Nc5 10. Be2 O-O 11. O-O Ne8 12. Nb3 Nxb3 13. Qxb3 f5 14. Nd2 f4 15. Rac1
b6 16. Qd1 Nf6 17. Nb1 Nxe4 18. Bd3 Nc5 19. Bc2 Qg5 20. Kh1 Bg4 21. Qd2 Rf6 22. Nc3
Raf8 23. Nb5 R8f7 24. f3 Bf5 25. Rf2 Qh4 26. Nc3 Bxc2 27. Rxc2 Rh6 28. h3 Nb3 29.
Qe1 Nd4 30. Rcd2 Qg3 31. Ne4 Qh4 32. Rf1 Nxf3 33. Qxh4 Nxh4 34. Ng5 Re7 35. Ne6 Ng6
36. Rdf2 Nf8 37. Ng5 Rh5 38. Ne4 Nd7 39. Kh2 Nf6 40. Nxf6+ gxf6 41. Re1 Rg7 42. b3
Rhg5 43. Rg1 Rg3 44. Rb2 f3 45. Kh1 Rxg2 46. Rgxg2 Rxg2 47. Rxg2+ fxg2+ 48. Kxg2
f5 49. Kg3 Kg7 50. h4 Kg6 51. Kh3 Kh5  0-1

[Event "29th 4NCL Congress"]
[Site "Harrogate"]
[Date "2023.01.22"]
[Round "4"]
[Board "20"]
[White "Wilson, Jeff"]
[Black "McKay, Ruairidh"]
[Result "1/2-1/2"]
[WhiteElo "1455"]
[BlackElo "1589"]
[PlyCount "47"]
[EventDate "2023.01.20"]
[EventRounds "5"]
[EventCountry "ENG"]

1. e4 d6 2. d4 Nf6 3. Nc3 g6 4. Nf3 Bg7 5. h3 c6 6. Bd3 Nfd7 7. O-O b5 8. a3 a5 9.
Re1 O-O 10. Be3 Nb6 11. b3 Bb7 12. Qd2 Re8 13. Rad1 N8d7 14. Bf1 b4 15. axb4 axb4
16. Ne2 c5 17. d5 Ra2 18. Qc1 Qa8 19. c4 Rb2 20. Rd3 Qa3 21. Qd1 Qa8 22. Bc1 Rb1
23. Qc2 Ra1 24. Rd2  1/2-1/2

[Event "29th 4NCL Congress"]
[Site "Harrogate"]
[Date "2023.01.22"]
[Round "4"]
[Board "21"]
[White "Carey, Con"]
[Black "Brown, Chris"]
[Result "1/2-1/2"]
[WhiteElo "1525"]
[BlackElo "1454"]
[PlyCount "27"]
[EventDate "2023.01.20"]
[EventRounds "5"]
[EventCountry "ENG"]

1. d4 d5 2. Bf4 Nf6 3. e3 c5 4. Nc3 Nc6 5. Nb5 Bf5 6. Nc7+ Kd7 7. Nxa8 Qxa8 8. c3
e6 9. Bb5 a6 10. Qa4 Be7 11. Bxc6+ bxc6 12. Nf3 Rc8 13. O-O Qb7 14. Qb3  1/2-1/2

[Event "29th 4NCL Congress"]
[Site "Harrogate"]
[Date "2023.01.22"]
[Round "4"]
[Board "22"]
[White "Coleman, Patrick N"]
[Black "Dargue, Peter W"]
[Result "1/2-1/2"]
[WhiteElo "1514"]
[BlackElo "1421"]
[PlyCount "65"]
[EventDate "2023.01.20"]
[EventRounds "5"]
[EventCountry "ENG"]

1. d4 Nf6 2. c4 e6 3. a3 d5 4. cxd5 exd5 5. Nc3 c6 6. Nf3 Bd6 7. g3 O-O 8. Bg2 Re8
9. O-O Be6 10. Re1 Qd7 11. e4 Nxe4 12. Nxe4 dxe4 13. Rxe4 Bd5 14. Rxe8+ Qxe8 15.
Be3 Nd7 16. Qd2 Nf6 17. Qe2 Ng4 18. Re1 Nxe3 19. fxe3 Qe7 20. e4 Re8 21. Nd2 f6 22.
Kf2 Bc7 23. Bf3 b5 24. Qe3 Bf7 25. Kg2 Bb6 26. Rc1 Qd7 27. Nb3 Bxb3 28. Qxb3+ Kh8
29. d5 cxd5 30. Qxd5 Rd8 31. Rd1 Qe8 32. Qb7 Rxd1 33. Bxd1  1/2-1/2

[Event "29th 4NCL Congress"]
[Site "Harrogate"]
[Date "2023.01.22"]
[Round "4"]
[Board "23"]
[White "Sayer, Ray M"]
[Black "Gibson, Stephen"]
[Result "1/2-1/2"]
[WhiteElo "1465"]
[BlackElo "1509"]
[PlyCount "54"]
[EventDate "2023.01.20"]
[EventRounds "5"]
[EventCountry "ENG"]

1. e4 e6 2. d4 a6 3. Nf3 b5 4. Be2 Bb7 5. Nbd2 c5 6. dxc5 Bxc5 7. O-O Nf6 8. Bd3
O-O 9. e5 Nd5 10. Ne4 Be7 11. Neg5 g6 12. c3 Nc6 13. Be4 Nb6 14. Re1 d5 15. exd6
Bxd6 16. Bxc6 Bxc6 17. Be3 Nc4 18. Bd4 Nxb2 19. Qe2 Nc4 20. Ne4 Be7 21. Nfd2 e5 22.
Nxc4 exd4 23. Ne5 Bxe4 24. Qxe4 Bf6 25. Nc6 Qd7 26. cxd4 Rac8 27. Ne5 Bxe5  1/2-1/2

[Event "29th 4NCL Congress"]
[Site "Harrogate"]
[Date "2023.01.22"]
[Round "4"]
[Board "24"]
[White "Sartain, Patrick P"]
[Black "Simmons, Michael W"]
[Result "1-0"]
[WhiteElo "1494"]
[BlackElo "1152"]
[PlyCount "73"]
[EventDate "2023.01.20"]
[EventRounds "5"]
[EventCountry "ENG"]

1. e4 c5 2. f4 d6 3. Be2 g6 4. Nf3 Bg7 5. c3 Nc6 6. O-O Nf6 7. d3 O-O 8. Kh1 Re8
9. Nbd2 a6 10. Rg1 b5 11. Nf1 Bg4 12. Nh4 Bxe2 13. Qxe2 b4 14. f5 bxc3 15. fxg6 fxg6
16. bxc3 e5 17. Bg5 Qd7 18. h3 Rf8 19. Nh2 Nd8 20. Qd2 Ne6 21. Be3 Nh5 22. Ng4 Qe7
23. Nf3 Nef4 24. Kh2 Rf7 25. Raf1 Raf8 26. h4 Nf6 27. Nxf6+ Qxf6 28. g3 Nh5 29. Bg5
Qe6 30. Qe3 Qg4 31. Nd2 Rxf1 32. Rxf1 Nxg3 33. Rxf8+ Bxf8 34. Qxg3 Qe2+ 35. Kh3 Qh5
36. Qg4 Qxg4+ 37. Kxg4  1-0

[Event "29th 4NCL Congress"]
[Site "Harrogate"]
[Date "2023.01.22"]
[Round "4"]
[Board "25"]
[White "Robinson, Steve"]
[Black "Weldon, James"]
[Result "1-0"]
[WhiteElo "1371"]
[BlackElo "1491"]
[PlyCount "91"]
[EventDate "2023.01.20"]
[EventRounds "5"]
[EventCountry "ENG"]

1. Nc3 g6 2. e4 Bg7 3. Nf3 d6 4. d4 Bg4 5. h3 Bxf3 6. Qxf3 e5 7. Bc4 Qd7 8. d5 Nf6
9. Bg5 Qe7 10. O-O-O a6 11. Bb3 Nbd7 12. Ba4 b5 13. Bb3 h6 14. h4 Nc5 15. Be3 Nxb3+
16. cxb3 Qd7 17. Kb1 c5 18. dxc6 Qxc6 19. Rc1 Qb7 20. Rhd1 Rd8 21. Rc2 b4 22. Nd5
Nxd5 23. Rxd5 Qe7 24. Bb6 Rb8 25. Rc7 Qf6 26. Qxf6 Bxf6 27. Rxd6 Bd8 28. Rb7 Rc8
29. Rxd8+ Rxd8 30. Bxd8 O-O 31. Be7 Re8 32. Bxb4 Rd8 33. a4 Rd4 34. Bc3 Rxe4 35.
Rb8+ Kg7 36. g3 g5 37. hxg5 hxg5 38. f4 gxf4 39. gxf4 Rxf4 40. Bxe5+ Rf6 41. Bxf6+
Kxf6 42. Rb6+ Ke5 43. Rxa6 f5 44. Ra5+ Ke4 45. Rxf5 Kxf5 46. a5  1-0

[Event "29th 4NCL Congress"]
[Site "Harrogate"]
[Date "2023.01.22"]
[Round "4"]
[Board "26"]
[White "Goldsmith, Jennifer"]
[Black "Merrifield, Peter"]
[Result "1/2-1/2"]
[WhiteElo "1400"]
[BlackElo "1097"]
[PlyCount "160"]
[EventDate "2023.01.20"]
[EventRounds "5"]
[EventCountry "ENG"]

1. c4 e5 2. Nc3 c6 3. g3 Nf6 4. Bg2 d5 5. cxd5 cxd5 6. e3 Nc6 7. Nge2 b6 8. O-O Ba6
9. Qa4 Bb7 10. d3 Be7 11. a3 O-O 12. Qd1 Rb8 13. b4 d4 14. exd4 exd4 15. Ne4 b5 16.
Bf4 Rc8 17. Bh3 Ra8 18. Bg2 a6 19. Rc1 Qb6 20. Qb3 Rfe8 21. Rc2 Rac8 22. Rfc1 Na7
23. Qb2 Rxc2 24. Nxf6+ Bxf6 25. Rxc2 Bxg2 26. Kxg2 Qb7+ 27. f3 Qb6 28. Rc7 Nc6 29.
Qa2 Rf8 30. Rd7 Ne5 31. Rxd4 Nc6 32. Rd7 Be5 33. Bd2 Qb8 34. Qd5 Qc8 35. Kf2 Bf6
36. Rd6 Ne7 37. Qe4 Re8 38. Qf4 Qf5 39. Qxf5 Nxf5 40. Bf4 Nxd6 41. Bxd6 Rd8 42. Bf4
Rxd3 43. Bc1 Bd4+ 44. Nxd4 Rxd4 45. Ke3 Rc4 46. Bb2 Rc2 47. Bd4 Ra2 48. Bc5 Rxa3+
49. Kf4 Ra2 50. h4 h6 51. Ke4 Rg2 52. Bd4 f5+ 53. Kxf5 Kf7 54. Ke4 Ke6 55. Bc5 Rxg3
56. Kf4 Rg2 57. Ke4 g5 58. hxg5 Rxg5 59. Be3 Re5+ 60. Kf4 h5 61. Bf2 Rd5 62. Bc5
h4 63. Kg4 Rd3 64. Kxh4 Rxf3 65. Kg4 Rc3 66. Kf4 Rc4+ 67. Ke3 Kd5 68. Kd3 Rxc5 69.
bxc5 Kxc5 70. Kc3 a5 71. Kb3 a4+ 72. Ka3 Kc4 73. Ka2 Kb4 74. Kb2 a3+ 75. Ka2 Ka4
76. Ka1 b4 77. Ka2 b3+ 78. Kb1 a2+ 79. Kb2 Kb4 80. Ka1 Ka3  1/2-1/2

[Event "29th 4NCL Congress"]
[Site "Harrogate"]
[Date "2023.01.22"]
[Round "5"]
[Board "1"]
[White "Lee, Jordan"]
[Black "Tedd, Bernie"]
[Result "1-0"]
[WhiteElo "1699"]
[BlackElo "1637"]
[PlyCount "39"]
[EventDate "2023.01.20"]
[EventRounds "5"]
[EventCountry "ENG"]

1. e4 c5 2. Nf3 d6 3. d4 cxd4 4. Nxd4 Nf6 5. Nc3 g6 6. Bb5+ Bd7 7. Qe2 a6 8. Bxd7+
Nfxd7 9. h4 Bg7 10. Be3 Nc6 11. O-O-O Nxd4 12. Bxd4 Bxd4 13. Rxd4 h5 14. f4 Rc8 15.
Rh3 Qb6 16. Qd2 Nf6 17. e5 dxe5 18. fxe5 Ng4 19. Nd5 Qe6 20. Nc7+  1-0

[Event "29th 4NCL Congress"]
[Site "Harrogate"]
[Date "2023.01.22"]
[Round "5"]
[Board "2"]
[White "Andrews, Norman G"]
[Black "Pointon, Mike"]
[Result "1/2-1/2"]
[WhiteElo "1597"]
[BlackElo "1675"]
[PlyCount "87"]
[EventDate "2023.01.20"]
[EventRounds "5"]
[EventCountry "ENG"]

1. Nf3 Nf6 2. c4 g6 3. g3 c5 4. Bg2 Nc6 5. b3 Bg7 6. Bb2 e6 7. O-O O-O 8. d3 d6 9.
Nbd2 Qc7 10. Rb1 a6 11. a3 Bd7 12. b4 b6 13. bxc5 bxc5 14. Qc2 Rab8 15. e3 Ne7 16.
e4 e5 17. Rfe1 Nc6 18. Nf1 Nd4 19. Nxd4 cxd4 20. Bc1 Nh5 21. Bd2 f5 22. Rxb8 Rxb8
23. Rb1 Rf8 24. exf5 Bxf5 25. Rb7 Qc8 26. Bd5+ Be6 27. Bxe6+ Qxe6 28. Qb2 Qf5 29.
Ba5 Qxd3 30. Qa2 e4 31. c5+ Kh8 32. Rf7 dxc5 33. Qe6 Rxf7 34. Qxf7 Qf3 35. Qe8+ Qf8
36. Qxe4 c4 37. Bb4 Qc8 38. Nd2 c3 39. Nb3 Qc4 40. Nc1 Nf6 41. Qa8+ Ng8 42. Qe4 Nf6
43. Qa8+ Ng8 44. Qe4  1/2-1/2

[Event "29th 4NCL Congress"]
[Site "Harrogate"]
[Date "2023.01.22"]
[Round "5"]
[Board "3"]
[White "Ganti, Shriaansh"]
[Black "Fisher, Neal"]
[Result "1-0"]
[WhiteElo "1598"]
[BlackElo "1669"]
[PlyCount "97"]
[EventDate "2023.01.20"]
[EventRounds "5"]
[EventCountry "ENG"]

1. e4 e5 2. Nf3 Bc5 3. Nc3 c6 4. Bc4 Nf6 5. d3 d6 6. h3 h6 7. a3 b5 8. Ba2 a5 9.
Bd2 a4 10. O-O O-O 11. Kh1 Bd7 12. Ne1 Qc8 13. Kh2 Bd4 14. f4 Be6 15. Bxe6 fxe6 16.
Nf3 Bxc3 17. bxc3 exf4 18. Bxf4 e5 19. Be3 Qe8 20. Nh4 Qh5 21. Rxf6 Qxd1 22. Rxf8+
Kxf8 23. Rxd1 d5 24. Rf1+ Kg8 25. exd5 cxd5 26. Ng6 Nc6 27. Bc5 Re8 28. h4 e4 29.
Re1 Re6 30. h5 Kf7 31. dxe4 dxe4 32. Nf4 Re8 33. g4 Ne5 34. Kg3 Nc4 35. Ng6 e3 36.
Kf3 e2 37. Rxe2 Rxe2 38. Kxe2 Ke6 39. Bb4 Kf6 40. Kf3 Nd2+ 41. Kg3 Ne4+ 42. Kf4 Ng5
43. Be7+ Ke6 44. Bxg5 hxg5+ 45. Kxg5 Kd5 46. Nf4+ Kc4 47. Ne2 b4 48. cxb4 g6 49.
hxg6  1-0

[Event "29th 4NCL Congress"]
[Site "Harrogate"]
[Date "2023.01.22"]
[Round "5"]
[Board "4"]
[White "Zigmond, Andrew"]
[Black "Railean, Sergiu"]
[Result "0-1"]
[WhiteElo "1666"]
[BlackElo "1544"]
[PlyCount "62"]
[EventDate "2023.01.20"]
[EventRounds "5"]
[EventCountry "ENG"]

1. e4 d6 2. d4 Nf6 3. Nc3 c6 4. Be3 Ng4 5. Qd2 Nxe3 6. Qxe3 Qb6 7. O-O-O e5 8. Bc4
Be7 9. Qf3 O-O 10. d5 c5 11. g4 Qa5 12. Nge2 Bd7 13. a3 b5 14. Ba2 Bg5+ 15. Kb1 b4
16. h4 Bd8 17. axb4 cxb4 18. Rd3 bxc3 19. Rxc3 Na6 20. Ra3 Qb6 21. Rb3 Qc7 22. Rc3
Nc5 23. h5 Rb8 24. Bb3 Bg5 25. Ng3 h6 26. Nf5 Bb5 27. Ba2 a5 28. Qg2 Qb6 29. Rf3
Bf1 30. Rb3 Bxg2 31. Rxb6 Rxb6  0-1

[Event "29th 4NCL Congress"]
[Site "Harrogate"]
[Date "2023.01.22"]
[Round "5"]
[Board "5"]
[White "Buckell, David J"]
[Black "Meredith, Daniel"]
[Result "0-1"]
[WhiteElo "1594"]
[BlackElo "1659"]
[PlyCount "36"]
[EventDate "2023.01.20"]
[EventRounds "5"]
[EventCountry "ENG"]

1. c4 Nf6 2. Nf3 g6 3. b4 Bg7 4. Bb2 O-O 5. g3 d6 6. Bg2 e5 7. d3 Re8 8. Nbd2 c6
9. O-O Bf5 10. a4 Nh5 11. Nh4 Be6 12. b5 g5 13. Nhf3 e4 14. Bxg7 exf3 15. Bxf3 g4
16. bxc6 bxc6 17. Bxg4 Bxg4 18. f3 Bh3  0-1

[Event "29th 4NCL Congress"]
[Site "Harrogate"]
[Date "2023.01.22"]
[Round "5"]
[Board "6"]
[White "Ainsley, Geoff J"]
[Black "Gunarathne, Senith"]
[Result "1-0"]
[WhiteElo "1562"]
[BlackElo "1522"]
[PlyCount "91"]
[EventDate "2023.01.20"]
[EventRounds "5"]
[EventCountry "ENG"]

1. e4 c5 2. Nf3 d6 3. Bb5+ Bd7 4. Bxd7+ Qxd7 5. O-O Nf6 6. Re1 Nc6 7. c3 g6 8. d4
cxd4 9. cxd4 Bg7 10. Nc3 O-O 11. h3 Rac8 12. Be3 a6 13. Qd2 e5 14. Rad1 Rfd8 15.
dxe5 Nxe5 16. Nxe5 dxe5 17. Qxd7 Nxd7 18. Rd2 Nf8 19. Nd5 Rd7 20. Red1 Kh8 21. Kf1
Rc6 22. Nc3 Rxd2 23. Rxd2 Ne6 24. Rd7 Rc7 25. Rxc7 Nxc7 26. Ke2 Kg8 27. Kd3 b5 28.
a4 b4 29. Na2 Bf8 30. Kc4 f5 31. f3 Ne6 32. Nxb4 f4 33. Bb6 g5 34. Nxa6 h5 35. Nc5
Nd4 36. a5 g4 37. hxg4 hxg4 38. Nd3 Nc6 39. a6 Bd6 40. a7 Nxa7 41. Bxa7 Kf7 42. b4
Ke7 43. b5 Kd7 44. Kd5 Bc7 45. Nxe5+ Bxe5 46. Kxe5  1-0

[Event "29th 4NCL Congress"]
[Site "Harrogate"]
[Date "2023.01.22"]
[Round "5"]
[Board "7"]
[White "Egan, William J"]
[Black "Williams, Stephen"]
[Result "0-1"]
[WhiteElo "1608"]
[BlackElo "1696"]
[PlyCount "56"]
[EventDate "2023.01.20"]
[EventRounds "5"]
[EventCountry "ENG"]

1. d4 Nf6 2. Bf4 g6 3. e3 Bg7 4. Nc3 d6 5. h3 O-O 6. Be2 c5 7. Nf3 Qb6 8. Rb1 Nc6
9. O-O cxd4 10. exd4 Nxd4 11. Nxd4 e5 12. Be3 exd4 13. Bxd4 Qd8 14. Bf3 Re8 15. Qd2
Re7 16. Rfe1 Be6 17. Bxf6 Bxf6 18. Ne4 Bg7 19. b3 Rc8 20. c4 Rd7 21. Red1 d5 22.
cxd5 Rxd5 23. Nf6+ Qxf6 24. Bxd5 Rd8 25. Qa5 b6 26. Qb5 a6 27. Qc6 Bxd5 28. Qxf6
Bxf6  0-1

[Event "29th 4NCL Congress"]
[Site "Harrogate"]
[Date "2023.01.22"]
[Round "5"]
[Board "8"]
[White "Roberts, Malcolm A"]
[Black "Butterworth, Brian"]
[Result "1-0"]
[WhiteElo "1656"]
[BlackElo "1564"]
[PlyCount "61"]
[EventDate "2023.01.20"]
[EventRounds "5"]
[EventCountry "ENG"]

1. e4 c6 2. Nf3 d5 3. exd5 cxd5 4. d4 Nf6 5. Bd3 Bg4 6. h3 Bh5 7. Be2 Nc6 8. Nbd2
e6 9. c3 Bd6 10. Nb3 O-O 11. O-O Ne4 12. Bd3 Bg6 13. Be3 Be7 14. Qc2 Rc8 15. a3 b6
16. Rac1 f5 17. Bf4 Bf6 18. Ba6 Qe7 19. Bxc8 Rxc8 20. Rfe1 Nxd4 21. Nbxd4 Bxd4 22.
Nxd4 e5 23. Bxe5 Qxe5 24. f3 f4 25. fxe4 Bxe4 26. Qf2 Rf8 27. Nf3 Qh5 28. c4 Rf6
29. cxd5 Bxd5 30. Rc8+ Kf7 31. Ne5+  1-0

[Event "29th 4NCL Congress"]
[Site "Harrogate"]
[Date "2023.01.22"]
[Round "5"]
[Board "9"]
[White "Sloan, Cecil"]
[Black "Hollyman, Mike"]
[Result "1-0"]
[WhiteElo "1654"]
[BlackElo "1444"]
[PlyCount "69"]
[EventDate "2023.01.20"]
[EventRounds "5"]
[EventCountry "ENG"]

1. e4 c6 2. d4 d5 3. exd5 cxd5 4. Bd3 Nc6 5. c3 Nf6 6. Bf4 Bg4 7. Qb3 Qb6 8. Nd2
e6 9. Ngf3 Be7 10. O-O O-O 11. Ne5 Nxe5 12. Bxe5 Nd7 13. Qc2 f5 14. f4 Nxe5 15. fxe5
Bh5 16. Nf3 Be8 17. Qe2 Qd8 18. Qf2 g5 19. h3 g4 20. hxg4 fxg4 21. Qg3 Bh5 22. Nh2
Rxf1+ 23. Rxf1 Bh4 24. Qf4 Qe7 25. Nxg4 Rf8 26. Bxh7+ Kxh7 27. Qxf8 Qxf8 28. Rxf8
Kg7 29. Rb8 Bxg4 30. Rxb7+ Kg6 31. Rxa7 Kf5 32. a4 Be1 33. a5 Kf4 34. a6 Be2 35.
Rf7+  1-0